logo

Bir Sreshtho Munshi Abdur Rouf Library
Jhenaidah Cadet College

Shaping the skyline : (Record no. 1799)

MARC details
000 -LEADER
fixed length control field 01443cam a2200325 a 4500
001 - CONTROL NUMBER
JCCL Control Number 1799
003 - CONTROL NUMBER IDENTIFIER
JCCL marc code BD-JhCC
005 - DATE AND TIME OF LATEST TRANSACTION
control field 20200405134007.0
008 - FIXED-LENGTH DATA ELEMENTS--GENERAL INFORMATION
fixed length control field 040217s2004 nju b a 001 0beng
020 ## - INTERNATIONAL STANDARD BOOK NUMBER
International Standard Book Number 0471657662 (cloth)
035 ## - SYSTEM CONTROL NUMBER
system control number (BD-JhCC)1799
040 ## - CATALOGING SOURCE
Original cataloging agency DLC
Transcribing agency DLC
Modifying agency DLC
041 ## - LANGUAGE CODE
Language code of Book eng
050 00 - LIBRARY OF CONGRESS CALL NUMBER
Classification number HD277.S78
Item number H45 2004
082 00 - DEWEY DECIMAL CLASSIFICATION NUMBER
Classification number 333.33/092
-- B
DDC Edition number 22
Author mark and Year HEL 2004
100 1# - MAIN ENTRY--PERSONAL NAME
Personal name Hellman, Peter.
245 10 - TITLE STATEMENT
Title Shaping the skyline :
Remainder of title the world according to real estate visionary Julien Studley /
Statement of responsibility, etc Peter Hellman.
260 ## - PUBLICATION, DISTRIBUTION, ETC. (IMPRINT)
Place of publication, distribution, etc Hoboken, NJ :
Name of publisher, distributor, etc John Wiley & Sons,
Date of publication, distribution, etc c2004.
300 ## - PHYSICAL DESCRIPTION
Pagination xi, 260 p. ;
Dimensions 24 cm.
504 ## - BIBLIOGRAPHY, ETC. NOTE
Bibliography, etc Includes bibliographical references (p. 247-248) and index.
505 0# - FORMATTED CONTENTS NOTE
Formatted contents note Deals -- Early years -- Army days -- Starting Studley -- Assemblage -- Last day of the downtown office -- Winter trips, summer outings -- Newseum goes to Washington -- Teaming -- Big to small, except for the money -- People broker.
600 10 - SUBJECT ADDED ENTRY--PERSONAL NAME
Personal name Studley, Julien J.
610 20 - SUBJECT ADDED ENTRY--CORPORATE NAME
Corporate name or jurisdiction name as entry element Studley Inc.
650 #0 - SUBJECT ADDED ENTRY--TOPICAL TERM
Topical term or geographic name as entry element Real estate agents
Geographic subdivision New York (State)
-- New York
Form subdivision Biography.
856 42 - ELECTRONIC LOCATION AND ACCESS
Materials specified Publisher description
Uniform Resource Identifier http://www.loc.gov/catdir/description/wiley041/2004003668.html
856 41 - ELECTRONIC LOCATION AND ACCESS
Materials specified Table of contents only
Uniform Resource Identifier http://www.loc.gov/catdir/toc/ecip0415/2004003668.html
856 42 - ELECTRONIC LOCATION AND ACCESS
Materials specified Contributor biographical information
Uniform Resource Identifier http://www.loc.gov/catdir/enhancements/fy0616/2004003668-b.html
942 ## - ADDED ENTRY ELEMENTS (KOHA)
Source of classification or shelving scheme Dewey Decimal Classification
Koha item type Books
Koha issues (borrowed), all copies 2
Holdings
Source of classification or shelving scheme Damaged status Not for loan Home library Current library Shelving location Date of accession Total Checkouts Full call number Barcode Date last seen Date checked out Copy number Koha item type
Dewey Decimal Classification     JCC Rouf Library JCC Rouf Library General Stacks 10/24/2017 1 333.33/092 HEL 2004 3044 04/11/2020 04/04/2020 C-1 Books

JCC Library | Contacts | JCC Home

Last Update on 23 September 2017
Copyright @ 2017-2020 JCC Rouf Library
Rouf Library, Jhenidah Cadet College (JCC), Bangladesh